|
|
|
|
| LEADER |
00911pam a22002658a 4500 |
| 001 |
00040905 |
| 005 |
20190326100340.0 |
| 008 |
161209s2014 ||||||Chisd |
| 020 |
# |
# |
|a 978 604 88 4363 2
|c 109000
|
| 041 |
0 |
# |
|a Vie
|
| 082 |
1 |
4 |
|a 371.3
|b S115H
|
| 100 |
1 |
# |
|a Vương, Quyên
|
| 245 |
1 |
0 |
|b đích đến của tôi phải là nước Mỹ
|a Săn học Bổng
|c Vương Quyên; Phạm Thị Thanh Vân (dịch)
|
| 250 |
# |
# |
|a tái bản lần thứ 2
|
| 260 |
# |
# |
|b Dân trí
|c 2017
|a Hà Nội
|
| 300 |
# |
# |
|a 371 tr.
|c 21 cm.
|
| 653 |
# |
# |
|a Giáo dục
|
| 653 |
# |
# |
|a Hướng dẫn
|
| 653 |
# |
# |
|a Nghiên Cứu
|
| 653 |
# |
# |
|a kỹ năng
|
| 653 |
# |
# |
|a thi cử
|
| 700 |
1 |
# |
|a Phạm, Thị Thanh Vân
|e dịch
|
| 852 |
# |
# |
|j KD.0023163
|
| 910 |
# |
# |
|d 24/01/2018
|e ltkchi
|f 26/03/2019
|
| 980 |
# |
# |
|a Trung tâm Học liệu Lê Vũ Hùng, Trường Đại học Đồng Tháp
|